000 00310nam a2200121Ia 4500
005 20251222144838.0
008 251222s9999||||xx |||||||||||||| ||spa||
082 _a985.612.1/L762
100 _aLlosa Ricketts, Luis Felipe
245 0 _aSantuario Histórico de Machu Picchu
264 _bUnimundo
942 _cLIB
999 _c21111
_d21111